Arthroscopic inferior capsular shift by glenoid anchor in antero-inferior shoulder instability / (Record no. 179032)

MARC details
000 -LEADER
fixed length control field 05332namaa22004571i 4500
003 - CONTROL NUMBER IDENTIFIER
control field EG-GICUC
005 - أخر تعامل مع التسجيلة
control field 20260409122150.0
008 - FIXED-LENGTH DATA ELEMENTS--GENERAL INFORMATION
fixed length control field 260315s2025 a|||frm||| 000 0 eng d
040 ## - CATALOGING SOURCE
Original cataloguing agency EG-GICUC
Language of cataloging eng
Transcribing agency EG-GICUC
Modifying agency EG-GICUC
Description conventions rda
041 0# - LANGUAGE CODE
Language code of text/sound track or separate title eng
Language code of summary or abstract eng
-- ara
049 ## - Acquisition Source
Acquisition Source Deposit
082 04 - DEWEY DECIMAL CLASSIFICATION NUMBER
Classification number 617.572
092 ## - LOCALLY ASSIGNED DEWEY CALL NUMBER (OCLC)
Classification number 617.572
Edition number 21
097 ## - Degree
Degree Ph.D
099 ## - LOCAL FREE-TEXT CALL NUMBER (OCLC)
Local Call Number Cai01.11.25.Ph.D.2025.Eb.A
100 0# - MAIN ENTRY--PERSONAL NAME
Authority record control number or standard number Ebram Gamal Fahiem,
Preparation preparation.
245 10 - TITLE STATEMENT
Title Arthroscopic inferior capsular shift by glenoid anchor in antero-inferior shoulder instability /
Statement of responsibility, etc. by Ebram Gamal Fahiem ; Supervisors Dr. Alaa Eldin Mohey Eldin Soliman, Dr. Mohamed Omar Soliman, Dr. Ahmed Samir El Kalyoby, Dr. Mohamed Ahmed El-Assasy.
246 15 - VARYING FORM OF TITLE
Title proper/short title الازاحه السفليه لمحفظه الكتف بالمنظار الجراحي والخطاطيف لعلاج عدم الثبات الامامي السفلي لمفصل الكتف
264 #0 - PRODUCTION, PUBLICATION, DISTRIBUTION, MANUFACTURE, AND COPYRIGHT NOTICE
Date of production, publication, distribution, manufacture, or copyright notice 2025.
300 ## - PHYSICAL DESCRIPTION
Extent 105 pages :
Other physical details illustrations ;
Dimensions 30 cm. +
Accompanying material CD.
336 ## - CONTENT TYPE
Content type term text
Source rda content
337 ## - MEDIA TYPE
Media type term Unmediated
Source rdamedia
338 ## - CARRIER TYPE
Carrier type term volume
Source rdacarrier
502 ## - DISSERTATION NOTE
Dissertation note Thesis (Ph.D)-Cairo University, 2025.
504 ## - BIBLIOGRAPHY, ETC. NOTE
Bibliography, etc. note Bibliography: pages 91-105.
520 #3 - SUMMARY, ETC.
Summary, etc. Objectives<br/> Arthroscopic inferior capsular shift for Multidirecional instability has a good safety profile. Open surgery has been used to decrease recurrence rates with a higher complication rate. Arthroscopic capsular shift was designed to decrease the recurrence rates without the added morbidity of open surgery.<br/>Methods:<br/>Twenty one patients antero-inferior shoulder instability was under went capsular shift by gelnoid anchor after doing the necessary preoperative clinical and radiological assessment according to the following techniques. Through the duration From (April) 2021,to (July) 2024 to a prospective case series study was done for arthroscopic inferior capsular shift by glenoid anchor in antero-inferior shoulder instability.The follow up period of the cases year, twenty one patients met the following inclusion.<br/>Results:<br/> There was statistically significant improvement in The patients constant shoulder score which before surgery ranged from 52 – 68 with (mean60.97 ± 6.01), compared to after year ranged from 82 – 98 with (mean 90.10 ± 5.38), this indicates a clear improvement of cases through constant shoulder score.<br/>The patients American Shoulder and Elbow Surgeons Score improved from 31 – 55 with (mean 45.30 ± 9.56) before surgery to after 1 year ranged from 87 – 99 with (mean 93.47± 4.08) this indicates a clear improvement of cases.). In our study there was statistically insignificant decrease in External rotation which reduced by 6o at adduction and by 5o at 90o of abduction.<br/>Conclusions:<br/>Arthroscopic inferior capsular shift procedure is safe and has good short-term outcomes with a low recurrence rate at 1-year minimum follow-up.
520 #3 - SUMMARY, ETC.
Summary, etc. إزاحة الكبسولة السفلية بالمنظار العلاج الأمثل لعدم استقرار الكتف الأمامي السفلي في حال عدم وجود فقدان في عظام الشفة أو الحُقّ أو العضد. تتيح هذه التقنية فحصًا تشخيصيًا للكتف، وتحضير عظم الحُقّ، وتثبيتًا آمنًا وتشريحيًا للعقدة الكبسولية الحُقّية باستخدام الخطاطيف ، وتجنب إصابة الهياكل الطبيعية. <br/>يشترط للإصلاح بالمنظار جودة كافية لنسيج الكبسولة الحُقّية لتثبيت الخطاطيف ، ومريضًا متحمسًا يلتزم ببروتوكولات إعادة التأهيل بعد الجراحة.<br/>يتم وضع الخطاف في موضعه عند الساعة 4:30، تُمرّر خيطة عبر نسيج الكبسولة، ويُجرى ثني الكبسولة باستخدام جهاز نقل الخياطة عند الساعة 5:30. تُوفّر تقنية الثني والضغط هذه درجة أكبر من ثني الكبسولة من خلال تكوين طية من النسيج عند الشد. يمكن أخذ خيط جراحي فردي آخر. من المهم إجراء الطي من الأسفل إلى الأعلى على طول الحُقّ للحفاظ على وضوح الطي والتحكم فيه. يُستخدم مثبت مرساة لتمريره عبر الكبسولة إلى الشفة الحُقّية للطي. يتناسب انخفاض حجم الكبسولة طرديًا مع كمية وحجم الطي.
530 ## - ADDITIONAL PHYSICAL FORM AVAILABLE NOTE
Issues CD Issues also as CD.
546 ## - LANGUAGE NOTE
Text Language Text in English and abstract in Arabic & English.
650 #0 - SUBJECT ADDED ENTRY--TOPICAL TERM
Topical term or geographic name entry element Shoulder Surgery
650 #0 - SUBJECT ADDED ENTRY--TOPICAL TERM
Topical term or geographic name entry element جراحة الكتف
653 #1 - INDEX TERM--UNCONTROLLED
Uncontrolled term Arthroscopy
-- منظار كتف
700 0# - ADDED ENTRY--PERSONAL NAME
Personal name Alaa Eldin Mohey Eldin Soliman
Relator term thesis advisor.
700 0# - ADDED ENTRY--PERSONAL NAME
Personal name Mohamed Omar Soliman
Relator term thesis advisor.
700 0# - ADDED ENTRY--PERSONAL NAME
Personal name Ahmed Samir El Kalyoby
Relator term thesis advisor.
700 0# - ADDED ENTRY--PERSONAL NAME
Personal name Mohamed Ahmed El-Assasy
Relator term thesis advisor.
900 ## - Thesis Information
Grant date 01-01-2025
Supervisory body Alaa Eldin Mohey Eldin Soliman
-- Mohamed Omar Soliman
-- Ahmed Samir El Kalyoby
-- Mohamed Ahmed El-Assasy
Universities Cairo University
Faculties Faculty of Medicine
Department Department of Orthopaedic Surgery
905 ## - Cataloger and Reviser Names
Cataloger Name Shimaa
Reviser Names Eman Ghareb
942 ## - ADDED ENTRY ELEMENTS (KOHA)
Source of classification or shelving scheme Dewey Decimal Classification
Koha item type Thesis
Edition 21
Suppress in OPAC No
Holdings
Source of classification or shelving scheme Home library Current library Date acquired Inventory number Full call number Barcode Date last seen Effective from Koha item type
Dewey Decimal Classification المكتبة المركزبة الجديدة - جامعة القاهرة قاعة الرسائل الجامعية - الدور الاول 15.03.2026 93574 Cai01.11.25.Ph.D.2025.Eb.A 01010110093574000 15.03.2026 15.03.2026 Thesis
Cairo University Libraries Portal Implemented & Customized by: Eng. M. Mohamady Contacts: new-lib@cl.cu.edu.eg | cnul@cl.cu.edu.eg
CUCL logo CNUL logo
© All rights reserved — Cairo University Libraries
CUCL logo
Implemented & Customized by: Eng. M. Mohamady Contact: new-lib@cl.cu.edu.eg © All rights reserved — New Central Library
CNUL logo
Implemented & Customized by: Eng. M. Mohamady Contact: cnul@cl.cu.edu.eg © All rights reserved — Cairo National University Library